Non-All-Star 25 PPG scorers in the NBA - Statistics

General Stats
  • This quiz has been taken 36 times
  • The average score is 13 of 26
Answer Stats
Season(s) Team Answer % Correct
2015-16, 2016-17 POR Damian Lillard
100%
2018-19 PHO Devin Booker
97%
2016-17 MIN Karl-Anthony Towns
97%
2008-09 OKC Kevin Durant
91%
1998-99 PHI Allen Iverson
79%
2005-06 DEN Carmelo Anthony
79%
1987-88 SEA Dale Ellis
76%
2009-10 GSW Monta Ellis
76%
2000-01 BOS Paul Pierce
76%
1998-99 LAL Shaquille O'Neal
73%
1984-85 ATL Dominique Wilkins
67%
2005-06, 2006-07 MIL Michael Redd
58%
1980-81 DEN David "Skywalker" Thompson
48%
1977-78 LAL Kareem Abdul-Jabbar
42%
1984-85 DAL Mark Aguirre
36%
1975-76 NOJ Pete Maravich
36%
1978-79 SDC World B. Free
33%
1994-95 DAL Jim Jackson
30%
1986-87 POR Kiki Vandeweghe
30%
1977-78 HOU Calvin Murphy
24%
1990-91 DEN Michael Adams
21%
1960-61 CIN Jack Twyman
18%
1982-83 DET Kelly Tripucka
18%
1971-72 CIN Nate "Tiny" Archibald
15%
1984-85, 1985-86 GSW Purvis Short
12%
1990-91 DEN Orlando Woolridge
9%
No matching quizzes found
Score Distribution
Percent of People with Each Score
Percentile by Number Answered
Your Score History
You have not taken this quiz